[Event "1st WMSG Blitz Team KO"]
[Site "?"]
[Date "2008.10.14"]
[Round "?"]
[White "Balogh, C"]
[Black "Wang, Yue"]
[WhiteElo "2616"]
[BlackElo "2736"]
[Result "0-1"]

1. e4 c5 2. Nf3 Nc6 3. d4 cxd4 4. Nxd4 Nf6 5. Nc3 e5 6. Ndb5 d6 7. Bg5 a6 8. Na3 b5 9. Nd5 Be7 10. Bxf6 Bxf6 11. c4 b4 12. Nc2 O-O 13. g3 Bg5 14. Bg2 Qa5 15. O-O Qc5 16. b3 Be6 17. h4 Bh6 18. Nde3 Bxe3 19. Nxe3 a5 20. Qd3 Nd4 21. Nf5 Bxf5 22. exf5 Ra7 23. Bd5 Kh8 24. Kg2 f6 25. Rfe1 a4 26. g4 axb3 27. axb3 Ra3 28. Rxa3 bxa3 29. b4 Qxb4 30. Rb1 Qa5 31. Ra1 a2 32. Qd1 Rb8 33. Qc1 Ne2 34. Qc2 Nc3 35. g5 Rb1 36. Rxa2 Qxa2 37. Qxc3 Qa7 38. Qd3 Rb2 39. Qg3 Qe7 40. Qa3 Rb8 41. Qe3 fxg5 42. hxg5 Rf8 43. Be6 Qc7 44. Qe4 Qc5 45. g6 Qd4 46. Qf3 Qf4 47. Qxf4 exf4 48. gxh7 Kxh7 49. Kf3 g5 50. fxg6+ 

0-1

[Event "Chinese Championship"]
[Site "?"]
[Date "2011.04.08"]
[Round "?"]
[White "Yu, Yangyi"]
[Black "Wang, Yue"]
[WhiteElo "2652"]
[BlackElo "2734"]
[Result "1-0"]

1. e4 c5 2. Nf3 Nc6 3. d4 cxd4 4. Nxd4 Nf6 5. Nc3 e5 6. Ndb5 d6 7. Bg5 a6 8. Na3 b5 9. Bxf6 gxf6 10. Nd5 f5 11. c3 Bg7 12. exf5 Bxf5 13. Nc2 O-O 14. Nce3 Bg6 15. h4 Be4 16. Bd3 Bxd5 17. Nxd5 f5 18. g4 e4 19. Bc2 b4 20. gxf5 bxc3 21. bxc3 Rxf5 22. Bxe4 Qe8 23. Qd3 Re5 24. f3 Qh5 25. O-O-O Kh8 26. Rhg1 Qf7 27. f4 Rh5 28. Rg5 Rxh4 29. Qg3 Rh6 30. Rg1 Rg8 31. Ne3 Ne7 32. Ng4 Rc8 33. Nxh6 Bxh6 34. Rh1 Qf6 35. Kb2 d5 36. Rgh5 Qb6+ 37. Ka1 Rg8 38. Qh2 

1-0

[Event "XXVIII"]
[Site "?"]
[Date "2003.01.16"]
[Round "?"]
[White "Wang, Yue"]
[Black "Xu, Jun"]
[WhiteElo "2492"]
[BlackElo "2626"]
[Result "1/2-1/2"]

1. d4 d5 2. c4 c6 3. Nf3 Nf6 4. Nc3 a6 5. cxd5 cxd5 6. Bf4 Nc6 7. e3 Bg4 8. Be2 e6 9. Ne5 Bxe2 10. Qxe2 Rc8 11. O-O Be7 12. Rfc1 O-O 13. Nxc6 Rxc6 14. Qd1 

1/2-1/2

[Event "Chinese Championship"]
[Site "?"]
[Date "2006.06.29"]
[Round "?"]
[White "Zhao, Jun"]
[Black "Wang, Yue"]
[WhiteElo "2525"]
[BlackElo "2598"]
[Result "1/2-1/2"]

1. d4 d5 2. c4 c6 3. Nf3 Nf6 4. Nc3 a6 5. c5 Nbd7 6. Bf4 Nh5 7. Bg5 h6 8. Be3 Nhf6 9. h3 b6 10. cxb6 e6 11. Rc1 Bd6 12. g3 O-O 13. Bg2 Nxb6 14. Bf4 Bxf4 15. gxf4 Nfd7 16. Na4 Rb8 17. Nxb6 Qxb6 18. b3 a5 19. O-O Ba6 20. Rc2 Rfc8 21. Qd2 a4 22. Rfc1 axb3 23. axb3 Qxb3 

1/2-1/2

[Event "GM Scheveningen"]
[Site "?"]
[Date "2006.07.20"]
[Round "?"]
[White "Vescovi, Giovanni"]
[Black "Wang, Yue"]
[WhiteElo "2619"]
[BlackElo "2626"]
[Result "1/2-1/2"]

1. d4 d5 2. c4 c6 3. Nf3 Nf6 4. Nc3 a6 5. Qd3 e6 6. e4 dxe4 7. Nxe4 Nbd7 8. Bd2 c5 9. O-O-O cxd4 10. Qxd4 Nxe4 11. Qxe4 Nf6 12. Qf4 Bd6 13. Qh4 Qc7 14. Bc3 Be7 15. Qg3 Qxg3 16. hxg3 Bc5 17. Bd4 Bxd4 18. Rxd4 Bd7 19. g4 Bc6 20. Ne5 Nd7 21. Nxd7 Bxd7 22. g5 e5 23. Re4 f6 24. gxf6 gxf6 25. f4 Bc6 26. Re3 Kf7 27. fxe5 Rae8 28. Rh5 Rxe5 29. Rexe5 fxe5 30. Rxe5 Rg8 31. Rh5 Ke6 32. Rxh7 Rf8 33. Be2 Bxg2 34. Kd2 Bc6 35. b4 Rg8 36. Rh3 Kd6 37. Kc3 Rg2 38. Re3 Rh2 39. Kb3 Bd7 40. a4 Rh3 41. Rxh3 Bxh3 42. a5 Kc7 43. Kc3 Bg2 44. Kd4 Bh3 45. Kc5 Bg2 46. Bg4 Bf1 47. Bf3 Bh3 48. b5 axb5 49. cxb5 b6+ 

1/2-1/2

[Event "4th Marx Gyoergy Memorial"]
[Site "?"]
[Date "2006.08.04"]
[Round "?"]
[White "Berkes, Ferenc"]
[Black "Wang, Yue"]
[WhiteElo "2601"]
[BlackElo "2626"]
[Result "1/2-1/2"]

1. d4 d5 2. c4 c6 3. Nf3 Nf6 4. Nc3 a6 5. e3 b5 6. b3 Bg4 7. Be2 e6 8. O-O Nbd7 9. h3 Bf5 10. Bd3 Bxd3 11. Qxd3 Be7 12. Bd2 O-O 13. Rfc1 Qb8 14. a4 b4 15. Ne2 a5 16. Ra2 Qb7 17. Rac2 Rac8 18. cxd5 cxd5 19. Be1 Rxc2 20. Qxc2 Rb8 21. Nf4 Nb6 22. Qc6 Qxc6 23. Rxc6 Nfd7 24. Nd3 Kf8 25. Nfe5 Ke8 26. Nxd7 Kxd7 27. Ne5+ Ke8 28. f3 f6 29. Nd3 Kd7 30. Rc1 Rc8 31. Rxc8 Nxc8 32. Bg3 Na7 33. Kf2 Nc6 34. Bh2 Bd6 35. Bxd6 Kxd6 36. Nf4 g6 37. g4 e5 38. Ne2 Ke6 

1/2-1/2

[Event "Chinese Championship"]
[Site "?"]
[Date "2011.04.02"]
[Round "?"]
[White "Xiu, Deshun"]
[Black "Wang, Yue"]
[WhiteElo "2508"]
[BlackElo "2734"]
[Result "1/2-1/2"]

1. Nf3 Nf6 2. c4 c6 3. Nc3 d5 4. cxd5 cxd5 5. d4 Nc6 6. Bf4 Bf5 7. e3 e6 8. Bd3 Bxd3 9. Qxd3 Be7 10. O-O O-O 11. Rfc1 Rc8 12. Qd1 Nd7 13. Nd2 Nb6 14. Bg3 a6 15. Na4 Nxa4 16. Qxa4 Qb6 17. Rab1 Qb4 18. Qd1 Qb5 19. a3 Na5 20. Rxc8 Rxc8 21. Rc1 Rxc1 22. Qxc1 Nc4 23. Nxc4 dxc4 24. Qc2 Qb3 25. Qc1 c3 26. bxc3 Bxa3 27. Qe1 Bb2 28. h4 Bxc3 29. Qe2 a5 30. Qg4 a4 31. Be5 Qb1+ 32. Kh2 Qg6 33. Qf3 h5 34. Qxb7 Kh7 35. Qa7 f6 36. Bd6 Be1 37. Bg3 Qc2 38. Qf7 a3 39. Qxh5+ 

1/2-1/2

[Event "Torch Real Estate Cup"]
[Site "?"]
[Date "2005.04.23"]
[Round "?"]
[White "Xu, Jun"]
[Black "Wang, Yue"]
[WhiteElo "2582"]
[BlackElo "2576"]
[Result "1/2-1/2"]

1. d4 d5 2. c4 c6 3. Nf3 Nf6 4. Nc3 dxc4 5. a4 Bf5 6. Ne5 Nbd7 7. Nxc4 Nb6 8. Ne5 a5 9. g3 e6 10. Bg2 Bb4 11. O-O O-O 12. e3 h6 13. Qe2 Bh7 14. Rd1 Nfd7 15. Nxd7 Nxd7 16. e4 Qe7 17. Be3 Rfd8 18. d5 Bc5 19. Bxc5 Nxc5 20. Qc4 Rac8 21. dxc6 Rxc6 22. Qb5 Rcc8 23. Rab1 Qc7 24. h4 Bg6 25. Bf3 f6 26. Rxd8+ Rxd8 27. Rd1 b6 28. Qe2 Be8 29. Rxd8 Qxd8 30. Qd1 Qxd1+ 31. Bxd1 Kf7 32. Kf1 Bc6 33. Bc2 e5 34. Ke2 g5 35. hxg5 fxg5 36. g4 Ke6 37. Kd2 Kd6 38. f3 Ne6 39. Ne2 Kc5 40. Nc1 Nd4 41. Nd3+ Kd6 42. Bd1 Bb7 43. b4 Ba6 44. b5 Bc8 45. Kc3 Be6 46. Ne1 Bf7 47. Nd3 h5 48. f4 gxf4 49. gxh5 Ne6 50. h6 Ng5 51. Nf2 Bg6 52. Bb3 Ke7 53. Bd5 Bh5 54. Nh3 Nf7 55. h7 Nh8 56. Nf2 Kf6 57. Kd2 Ng6 58. Nd3 Kg7 59. Nb2 f3 60. Ke3 Nf4 61. Nc4 Kxh7 62. Nxb6 Nd3 63. Bc4 Nc5 64. Bf1 Bf7 65. Bc4 Bh5 66. Bf1 Bf7 67. Bc4 

1/2-1/2

[Event "2nd Sanjin Hotel Cup"]
[Site "?"]
[Date "2005.07.18"]
[Round "?"]
[White "Zhao, Xue"]
[Black "Wang, Yue"]
[WhiteElo "2470"]
[BlackElo "2576"]
[Result "1-0"]

1. d4 d5 2. c4 c6 3. Nc3 Nf6 4. Nf3 dxc4 5. a4 Bf5 6. Ne5 Nbd7 7. Nxc4 Nb6 8. Ne5 a5 9. Bg5 h6 10. Bh4 e6 11. e4 Bh7 12. f3 Be7 13. Bf2 Nfd7 14. Nd3 O-O 15. Be2 Bb4 16. O-O f5 17. Qb3 fxe4 18. Nxb4 axb4 19. Qxe6+ Kh8 20. Nxe4 Nd5 21. Qd6 Re8 22. Bd3 Bf5 23. Qg3 Re7 24. Nc5 Bxd3 25. Nxd3 Re2 26. Qd6 Qe8 27. Rfe1 N7f6 28. Kf1 Rxe1+ 29. Rxe1 Qg8 30. b3 Rd8 31. Qe6 Nd7 32. Bh4 N7f6 33. Qxg8+ Kxg8 34. Bg3 Kf7 35. Be5 Ne8 36. Rc1 Nd6 37. Kf2 Nf5 38. Nc5 b6 39. Ne4 Nfe7 40. g4 g6 41. Kg3 Ke6 42. Bg7 h5 43. Re1 Kf7 44. Be5 Ke6 45. h3 Ra8 46. Kh4 hxg4 47. fxg4 Kd7 48. Rf1 b5 49. Nc5+ Ke8 50. Bg7 Nc8 51. axb5 cxb5 52. Kg5 Ke7 53. Kxg6 Nd6 54. Re1+ Kd8 55. Bf6+ Kc7 56. Be5 Kc6 57. g5 Rg8+ 58. Kh5 Nf5 59. Ne4 Ra8 60. g6 Nc3 61. Nxc3 bxc3 62. d5+ Kxd5 63. Bxc3 Ng3+ 64. Kg4 Ne4 65. Rxe4 Kxe4 66. Kg5 Kd3 67. Be5 Ke4 68. Bf6 Ra2 69. h4 Rg2+ 70. Kh6 Kf5 71. Bg5 Rc2 72. g7 

1-0

[Event "23rd Open"]
[Site "?"]
[Date "2008.03.09"]
[Round "?"]
[White "Stefansson, H"]
[Black "Wang, Yue"]
[WhiteElo "2564"]
[BlackElo "2698"]
[Result "1/2-1/2"]

1. d4 d5 2. c4 c6 3. Nc3 Nf6 4. Nf3 dxc4 5. a4 Bf5 6. Ne5 Nbd7 7. Nxc4 Nb6 8. Ne5 a5 9. Bg5 h6 10. Bh4 Nbd5 11. Qb3 Qb6 12. Qxb6 Nxb6 13. f3 Bc2 14. e4 e6 15. Be2 Bb4 16. Bd1 Bxd1 17. Kxd1 Nfd7 18. Nxd7 Nxd7 19. Kc2 f6 20. Bg3 Kf7 21. Na2 Be7 22. Nc3 Rac8 23. Rhd1 Rhd8 24. Rac1 h5 25. Kb3 f5 26. Bf2 Nf6 27. Re1 Rd7 28. exf5 exf5 29. Re5 g6 30. Rxa5 Bd8 31. Rc5 Bb6 32. Rc4 Re8 33. Ka2 g5 34. h3 g4 35. hxg4 fxg4 36. b4 gxf3 37. gxf3 Rg8 38. Kb3 Rg5 39. a5 Ba7 40. Rd1 Rf5 41. Rd3 Nd5 42. Bg3 Nxc3 43. Kxc3 Rg5 44. Be5 h4 45. b5 cxb5 46. Rc8 Rh5 47. Ra8 h3 48. Rxa7 Rxe5 49. Rxb7 Rxb7 50. dxe5 b4+ 51. Kb3 h2 52. Rd1 Rb5 53. Ka4 Rxe5 54. Rh1 Re2 55. Kb3 Kg6 56. a6 Re6 57. Rxh2 

1/2-1/2

[Event "Chinese Championship"]
[Site "?"]
[Date "2008.05.30"]
[Round "?"]
[White "Li, Shilong"]
[Black "Wang, Yue"]
[WhiteElo "2512"]
[BlackElo "2689"]
[Result "0-1"]

1. d4 d5 2. c4 c6 3. Nf3 Nf6 4. Nc3 dxc4 5. a4 Bf5 6. e3 e6 7. Bxc4 Bb4 8. O-O Nbd7 9. Qe2 Bg6 10. e4 O-O 11. Bd3 Bh5 12. e5 Nd5 13. Nxd5 cxd5 14. Qe3 Bg6 15. Ng5 Re8 16. f4 Bxd3 17. Qxd3 f5 18. Be3 Nf8 19. Kh1 Be7 20. Nf3 Rc8 21. Bd2 Qd7 22. Rg1 Qc6 23. Bc3 Qa6 24. Qe3 Rc4 25. a5 Rec8 26. Nd2 R4c7 27. g4 fxg4 28. Rxg4 b5 29. Qd3 Qc6 30. Rag1 g6 31. Nb3 Qc4 32. Nc1 b4 33. Bd2 Qxd3 34. Nxd3 Rc4 35. Be3 b3 36. Ra1 Nd7 37. Rg3 Rb8 38. Bg1 Rb5 39. Nc1 Nb8 40. Rxb3 Rxb3 41. Nxb3 Rb4 42. Nd2 Rxb2 43. Nf3 Nc6 44. Rc1 Nxa5 45. Rc8+ Kf7 46. Rc7 h6 47. Rxa7 Nc4 48. Nh4 Nd2 49. Nxg6 Kxg6 50. Rxe7 Kf5 51. Rf7+ Ke4 52. Rf6 Nf3 53. Rxe6 Rb1 54. Rg6 Re1 55. e6 Kf5 56. Rg3 Kxf4 57. Kg2 Nxg1 58. Kf2 Rxe6 59. Rxg1 Ra6 60. Rg8 Ra2+ 61. Kg1 Rd2 62. h4 Kf5 63. h5 Rxd4 64. Kf2 Rh4 65. Ke3 Rxh5 66. Kd4 Rg5 67. Rh8 Kg6 68. Rg8+ Kh5 69. Rh8 Rf5 70. Rg8 Kh4 71. Kc5 Rg5 72. Ra8 h5 73. Ra3 Kg4 74. Kd4 h4 75. Ke3 Rf5 76. Ra8 h3 77. Rh8 Rh5 

0-1

[Event "1st WMSG Blitz Indian"]
[Site "?"]
[Date "2008.10.04"]
[Round "?"]
[White "Zhou, Jianchao"]
[Black "Wang, Yue"]
[WhiteElo "2612"]
[BlackElo "2736"]
[Result "0-1"]

1. d4 d5 2. c4 c6 3. Nf3 Nf6 4. Nc3 dxc4 5. a4 Bf5 6. Ne5 Nbd7 7. Nxc4 Nb6 8. Ne5 a5 9. g3 Nfd7 10. Nxd7 Nxd7 11. Bg2 e6 12. O-O Bb4 13. e4 Bg6 14. d5 O-O 15. Be3 exd5 16. exd5 Ne5 17. Bd4 Nd3 18. Qb3 Rc8 19. Rad1 c5 20. Be3 c4 21. Qa2 Qf6 22. Rd2 Rfd8 23. Rfd1 h6 24. h4 Bxc3 25. bxc3 Bh5 26. Rb1 Bf3 27. Bh3 Bxd5 28. Kh2 Rc6 29. Bd4 Qf3 30. Re2 Re6 31. Rxe6 fxe6 32. Qd2 Rf8 33. Qe3 Qxe3 34. Bxe3 Nxf2 35. Bc5 Rf7 36. Bf1 Ne4 37. Be3 Nxc3 38. Rc1 Nxa4 39. Bxc4 Bxc4 40. Rxc4 b5 41. Rc8+ Kh7 42. Ra8 Nc3 43. Rxa5 b4 44. Bd4 Rb7 45. Re5 Rd7 46. Bxc3 bxc3 47. Rxe6 Rc7 48. Re1 c2 49. Rc1 Kg6 50. Kg2 Kf5 

0-1

[Event "1st WMSG Rapid Team KO"]
[Site "?"]
[Date "2008.10.17"]
[Round "?"]
[White "Korobov, Anton"]
[Black "Wang, Yue"]
[WhiteElo "2605"]
[BlackElo "2736"]
[Result "1/2-1/2"]

1. d4 d5 2. c4 c6 3. Nc3 Nf6 4. Nf3 dxc4 5. a4 Bf5 6. Ne5 Nbd7 7. Nxc4 Nb6 8. Ne5 a5 9. g3 e6 10. Bg2 Bb4 11. O-O O-O 12. e3 h6 13. Qe2 Bh7 14. Rd1 Nbd7 15. Nc4 Nb6 16. Ne5 Nbd7 17. e4 Nxe5 18. dxe5 Nd7 19. Be3 Qe7 20. f4 Rfd8 21. Kh1 Bc5 22. Rd2 Bxe3 23. Qxe3 Qc5 24. Qd3 Bg6 25. g4 f6 26. Rad1 fxe5 27. Qd6 Qxd6 28. Rxd6 Be8 29. f5 exf5 30. exf5 Kf8 31. h4 Ke7 32. g5 hxg5 33. hxg5 Bf7 34. Ne4 Bd5 35. Rg6 Rh8+ 36. Kg1 Rh7 37. Nc3 Bf7 38. Rgd6 Be8 39. Ne4 Nb6 40. Re6+ Kf8 41. Nd6 Rh5 42. g6 Rd8 43. Re1 Rxd6 44. Rxd6 Rxf5 45. Re6 Nxa4 46. R1xe5 Rxe5 47. Rxe5 Bxg6 

1/2-1/2

[Event "WYb16"]
[Site "?"]
[Date "2002.11.21"]
[Round "?"]
[White "Pantsulaia, Levan"]
[Black "Wang, Yue"]
[WhiteElo "2450"]
[BlackElo "2495"]
[Result "1-0"]

1. d4 d5 2. c4 c6 3. Nf3 Nf6 4. Qc2 e6 5. e3 Nbd7 6. Nbd2 Bd6 7. Bd3 O-O 8. O-O c5 9. cxd5 exd5 10. b3 cxd4 11. Nxd4 Nc5 12. Bb2 Nxd3 13. Qxd3 Ng4 14. N4f3 Re8 15. Rad1 h6 16. h3 Nf6 17. Bxf6 Qxf6 18. Qxd5 Bb8 19. Nc4 Bf5 20. Nd6 Bxd6 21. Qxd6 Re6 22. Qg3 Be4 23. Nd4 Rd6 24. Rc1 Bc6 25. Rc5 Qd8 26. Nxc6 Rxc6 27. Rxc6 bxc6 28. Qf3 Rc8 29. Rd1 Qe7 30. Qf5 Rc7 31. Rd4 g6 32. Qe4 Kf8 33. Qf4 Kg7 34. Rd6 c5 35. Rd5 Rc6 36. Qc4 Qf6 37. a4 Qa1+ 38. Kh2 Qe1 39. Rxc5 Rf6 40. Qd4 Qxf2 41. Rc6 a5 42. Ra6 Qf1 43. Rxa5 Kh7 44. Ra8 g5 45. Rd8 Qf2 46. Qd2 Qh4 47. Rd4 Qh5 48. Qd1 g4 49. Qxg4 Qe5+ 50. Qg3 Qe6 51. b4 Rg6 52. Rg4 Rxg4 53. hxg4 h5 54. gxh5 Qc4 55. Qf4 Qd5 56. Kg3 f5 57. b5 

1-0

[Event "36th Olympiad"]
[Site "?"]
[Date "2004.10.25"]
[Round "?"]
[White "Kurajica, Bojan"]
[Black "Wang, Yue"]
[WhiteElo "2541"]
[BlackElo "2536"]
[Result "1/2-1/2"]

1. d4 d5 2. c4 c6 3. Qc2 Nf6 4. Nf3 g6 5. e3 Bf5 6. Bd3 Bxd3 7. Qxd3 Bg7 8. cxd5 cxd5 9. Qb3 Qb6 10. Qxb6 axb6 11. Nc3 Nc6 12. Bd2 e6 13. Ke2 Kd7 14. Ne5+ Nxe5 15. dxe5 Ne8 16. f4 f6 17. exf6 Nxf6 18. Rhd1 Rhc8 19. Rac1 Rc6 20. Be1 Rac8 21. Bd2 Ke7 22. Nb5 Ne4 23. Na7 Rxc1 24. Rxc1 Rxc1 25. Bxc1 Kd7 26. Kd3 e5 27. b4 Nd6 28. a4 e4+ 29. Kc2 Ke6 30. g4 d4 31. Nb5 Nxb5 32. axb5 Kd5 33. Kb3 Bf8 34. h3 Be7 35. Bd2 Bh4 36. Kc2 Bf2 37. Kd1 d3 38. Kc1 h6 39. Kb1 Kc4 40. Kb2 Bh4 41. Bc3 Be7 42. f5 gxf5 43. gxf5 Bf8 44. f6 h5 45. f7 Bh6 46. Bd2 Bg7+ 47. Ka2 Bf8 48. Kb2 Bg7+ 49. Ka2 Bf8 50. Kb2 Bg7+ 

1/2-1/2

[Event "1st WMSG Rapid Indian"]
[Site "?"]
[Date "2008.10.06"]
[Round "?"]
[White "Adianto, Utut"]
[Black "Wang, Yue"]
[WhiteElo "2554"]
[BlackElo "2736"]
[Result "1-0"]

1. d4 d5 2. Nf3 Nf6 3. c4 c6 4. Nc3 dxc4 5. a4 Na6 6. e3 Bg4 7. Bxc4 e6 8. h3 Bh5 9. O-O Nb4 10. b3 Be7 11. Bb2 O-O 12. Be2 h6 13. Ne5 Bxe2 14. Qxe2 Nd7 15. Nd3 Nxd3 16. Qxd3 a5 17. Rfd1 Qb6 18. Ne4 Rfd8 19. Rac1 Bb4 20. Ng3 Nf6 21. e4 Be7 22. Qf3 Rd7 23. Rd3 Qd8 24. Rcd1 Qf8 25. d5 cxd5 26. Bxf6 Bxf6 27. exd5 Rxd5 28. Rxd5 exd5 29. Rxd5 b6 30. Ne4 Be7 31. g3 Qc8 32. Re5 Bf8 33. Kg2 Qc6 34. h4 Rd8 35. h5 Qc2 36. Rf5 Rd3 37. Qg4 Qxb3 38. Re5 Rd8 39. Nf6+ Kh8 40. Nd7 Qc3 41. Re4 Bd6 42. Nxb6 Qc5 43. Nc4 f5 44. Qh4 Bc7 45. Rf4 Qd5+ 46. Rf3 Re8 47. Ne3 Qc6 48. Nxf5 Re4 49. Qh3 Bd8 50. Ne3 Bf6 51. Qf5 Rxa4 52. Nd5 Rd4 53. Nxf6 Qxf6 54. Qxf6 gxf6 55. Rxf6 Kg7 56. Rg6+ Kh7 57. Ra6 a4 58. f4 Kg7 59. Kf3 Rb4 60. Kg4 Rc4 61. Ra7+ Kg8 62. Kf5 Rc5+ 63. Ke6 Rxh5 64. Rxa4 Rb5 65. Ra7 Rb6+ 66. Kf5 Rb5+ 67. Kg6 Rb6+ 68. Kh5 Rf6 69. Kg4 Rg6+ 70. Kh4 Rf6 71. Ra4 Kg7 72. g4 Rb6 73. Kh5 Rf6 74. f5 Rb6 75. Ra7+ Kg8 76. Re7 Rb4 77. Re6 Kg7 78. Rg6+ 

1-0

[Event "4th RUS-CHN Match"]
[Site "?"]
[Date "2007.08.23"]
[Round "?"]
[White "Wang, Yue"]
[Black "Tomashevsky, Evgeny"]
[WhiteElo "2696"]
[BlackElo "2654"]
[Result "1-0"]

1. Nf3 Nf6 2. c4 c5 3. g3 Nc6 4. Bg2 d6 5. d4 cxd4 6. Nxd4 Bd7 7. O-O g6 8. b3 Bg7 9. Bb2 O-O 10. e3 a6 11. Nc3 Rb8 12. Re1 Qa5 13. h3 Rfc8 14. a4 Qb6 15. Rb1 Be8 16. Ba1 Nxd4 17. exd4 e6 18. Qd3 Qb4 19. Na2 Qa5 20. Bc3 Qd8 21. Bd2 Bc6 22. Bf1 d5 23. c5 a5 24. Bf4 Ra8 25. Be5 b6 26. cxb6 Qxb6 27. Nc3 Ne4 28. Nxe4 dxe4 29. Qe3 Bd5 30. Bxg7 Kxg7 31. h4 h6 32. Bg2 Rd8 33. Rec1 Qb7 34. Rc5 Ra6 35. Qf4 Rd7 36. Rbc1 Rad6 37. Rb5 Rb6 38. Rcc5 Rxb5 39. Rxb5 Qc7 40. Qd2 Rd6 41. Qe3 Qc2 42. Qf4 Rd7 43. Kh2 Qc7 44. Qd2 Rd6 45. Qe3 Rc6 46. Bxe4 Rc3 47. Qe2 Bxb3 48. Rb7 Qc4 49. Qg4 

1-0

[Event "WY ol"]
[Site "?"]
[Date "2002.08.20"]
[Round "?"]
[White "Wang, Yue"]
[Black "Pok, Wern Jian"]
[WhiteElo "2455"]
[BlackElo "2127"]
[Result "1-0"]

1. d4 Nf6 2. Bg5 e6 3. Nd2 d5 4. e3 Be7 5. Bd3 Nbd7 6. c3 c5 7. f4 b6 8. Ngf3 Bb7 9. Ne5 O-O 10. Qf3 h6 11. Bxf6 Nxf6 12. g4 cxd4 13. exd4 Nd7 14. Nxd7 Bh4+ 15. Ke2 Qxd7 16. Rag1 g5 17. Kd1 Qa4+ 18. Kc1 Qxa2 19. Bb1 Qa6 20. fxg5 Bxg5 21. h4 Bxd2+ 22. Kxd2 f6 23. Qe3 e5 24. Qxh6 Rf7 25. g5 f5 26. g6 Rg7 27. Rg5 exd4 28. Rh5 dxc3+ 29. bxc3 Kf8 30. Qh8+ Rg8 31. Qf6+ 

1-0

[Event "WJun"]
[Site "?"]
[Date "2006.10.09"]
[Round "?"]
[White "Wang, Yue"]
[Black "Vitiugov, Nikita"]
[WhiteElo "2644"]
[BlackElo "2596"]
[Result "1/2-1/2"]

1. d4 d5 2. Nf3 Nf6 3. c4 e6 4. Bg5 h6 5. Bxf6 Qxf6 6. e3 Nd7 7. Nbd2 g6 8. Qc2 c6 9. Bd3 Bg7 10. O-O O-O 11. cxd5 exd5 12. b4 Qd6 13. Rab1 a5 14. a3 Rd8 15. Rfc1 Nf8 16. Nb3 axb4 17. axb4 Bg4 18. Nfd2 Rdc8 19. Qc5 Qd8 20. Ra1 Bd7 21. Qd6 Ne6 22. Nc5 Nxc5 23. bxc5 Bf8 24. Qg3 b6 25. cxb6 Rxa1 26. Rxa1 Qxb6 

1/2-1/2

[Event "RUS-CHN Match Rapid"]
[Site "?"]
[Date "2009.08.21"]
[Round "?"]
[White "Wang, Yue"]
[Black "Vitiugov, Nikita"]
[WhiteElo "2736"]
[BlackElo "2681"]
[Result "1-0"]

1. d4 Nf6 2. c4 e6 3. g3 d5 4. Nf3 Bb4+ 5. Bd2 Be7 6. Bg2 O-O 7. O-O c6 8. Bf4 b6 9. Nc3 Ba6 10. cxd5 cxd5 11. Rc1 Bb7 12. Ne5 Nfd7 13. Qa4 a6 14. Rfd1 Nxe5 15. dxe5 b5 16. Qc2 Qb6 17. Be3 Qa5 18. a3 Nc6 19. Bxd5 b4 20. Be4 bxc3 21. Qxc3 Qxc3 22. Rxc3 Rac8 23. Rdc1 Nd4 24. Rxc8 Nxe2+ 25. Kf1 Bxc8 26. Kxe2 Bd7 27. Rc7 Rd8 28. Bd3 

1-0

[Event "RUS-CHN Match Blitz"]
[Site "?"]
[Date "2009.08.23"]
[Round "?"]
[White "Vitiugov, Nikita"]
[Black "Wang, Yue"]
[WhiteElo "2681"]
[BlackElo "2736"]
[Result "1-0"]

1. Nf3 Nf6 2. g3 g6 3. Bg2 Bg7 4. O-O O-O 5. d3 d6 6. e4 e5 7. Nh4 Nc6 8. c3 h6 9. Nd2 Ne7 10. Qe1 g5 11. Nhf3 Ng6 12. Nc4 Be6 13. Ne3 Qd7 14. Kh1 Rae8 15. Ng1 c6 16. b3 Ng4 17. Nf5 Nf6 18. Nxg7 Kxg7 19. f4 exf4 20. gxf4 gxf4 21. Bxf4 Ng4 22. Bd2 f5 23. h3 Nf6 24. Qc1 Ng8 25. c4 Kh7 26. Qe1 Nf6 27. Qe3 f4 28. Rxf4 Nxf4 29. Qxf4 Ng4 30. Qg3 Nf6 31. Qh4 Qg7 32. Nf3 Qg6 33. Ng5+ Kg7 34. Nxe6+ Rxe6 35. Rg1 Kf7 36. Bf3 Qh7 37. Bc3 Ke8 38. Rf1 h5 39. Bg2 Qg6 40. Kh2 Nh7 41. Rxf8+ Kxf8 42. Bd2 Rf6 43. Be3 c5 44. a3 Kg7 45. b4 b6 46. d4 Nf8 47. e5 dxe5 48. dxe5 Re6 49. bxc5 bxc5 50. Bxc5 Nd7 51. Bxa7 Qd3 52. Qg3+ Qxg3+ 53. Kxg3 Ra6 54. Bd4 Rxa3+ 55. Kf4 Nf8 56. e6+ Kg8 57. Bd5 Ng6+ 58. Kg5 Ne7 59. Kf6 Kf8 60. Bc5 

1-0

[Event "7th CHN-RUS Rapid"]
[Site "?"]
[Date "2010.08.14"]
[Round "?"]
[White "Vitiugov, Nikita"]
[Black "Wang, Yue"]
[WhiteElo "2722"]
[BlackElo "2716"]
[Result "0-1"]

1. d4 Nf6 2. c4 g6 3. f3 d5 4. cxd5 Nxd5 5. e4 Nb6 6. Nc3 Bg7 7. Be3 O-O 8. Qd2 Nc6 9. O-O-O f5 10. e5 Nb4 11. Nh3 Be6 12. a3 Na2+ 13. Nxa2 Bxa2 14. Bh6 Qd7 15. Bxg7 Kxg7 16. Qc2 Bg8 17. Nf4 Nd5 18. Nxd5 Qxd5 19. Qc5 Qxc5+ 20. dxc5 Rfd8 21. Bb5 Bb3 22. Rd2 c6 23. Be2 Rac8 24. f4 Rd5 25. Rxd5 cxd5 26. Kd2 Rxc5 27. Bd3 d4 28. Rg1 Kf7 29. h4 Be6 30. g3 a5 31. Rb1 b6 32. Rg1 Rc7 33. Bb5 Rc5 34. Bd3 Kg7 35. Re1 Bd5 36. h5 e6 37. hxg6 hxg6 38. Re2 b5 39. Rh2 b4 40. axb4 axb4 41. Re2 Rc8 42. Rh2 Ra8 43. Bb5 Ra1 44. Kd3 Rd1+ 45. Rd2 Rg1 46. Kxd4 Rxg3 47. Kc5 b3 48. Kd6 Re3 49. Bd7 Kf7 50. Rh2 Rd3 51. Rh7+ Kg8 52. Rh2 Kf8 53. Rh8+ Kg7 54. Rh2 Rd4 55. Bxe6 Bxe6+ 56. Kxe6 Rxf4 57. Rd2 Re4 58. Rd7+ Kh6 59. Kf6 f4 60. Rg7 f3 61. Rxg6+ Kh5 62. Rg5+ Kh4 63. Rf5 Kg3 64. e6 f2 65. e7 Kg2 66. Rg5+ Kf3 67. Rf5+ Ke2 

0-1

[Event "Asia-chT"]
[Site "?"]
[Date "1999.10.11"]
[Round "?"]
[White "Wang, Yue"]
[Black "Ankhchimeg, Bayanmunh"]
[WhiteElo "2221"]
[BlackElo "2079"]
[Result "1/2-1/2"]

1. e4 c5 2. Nf3 Nc6 3. b3 d6 4. Bb5 Nf6 5. Qe2 Bd7 6. O-O g6 7. Bxc6 Bxc6 8. e5 Bxf3 9. Qxf3 dxe5 10. Qxb7 Bg7 11. Bb2 Nd7 12. Nc3 O-O 13. Nd5 e6 14. Nc3 c4 15. Ba3 Re8 16. Nb5 Rb8 17. Qa6 Qb6 18. Qxb6 Nxb6 19. Nd6 Red8 20. bxc4 Bf8 21. c5 Bxd6 22. cxd6 Nc4 23. Bc5 a6 24. Rfe1 Nxd6 25. Rxe5 Nc4 26. Re4 Nxd2 27. Ra4 Rdc8 28. Bd4 Rc4 29. Rxc4 Nxc4 30. f4 Kf8 31. Kf2 Ke7 32. Rd1 Rb5 33. Rd3 Rd5 34. Ke2 Kd6 35. Bf6 Rxd3 36. Kxd3 Kd5 37. g3 Nd6 38. Be5 Nc4 39. Bf6 Nd6 40. Be7 Nc4 41. Bf6 Nd6 

1/2-1/2

[Event "Asia-chT"]
[Site "?"]
[Date "1999.10.12"]
[Round "?"]
[White "Safira, Shahnaz"]
[Black "Wang, Yue"]
[WhiteElo "2127"]
[BlackElo "2221"]
[Result "0-1"]

1. d4 Nf6 2. Nf3 c5 3. d5 g6 4. c4 Bg7 5. Nc3 O-O 6. e4 d6 7. Be2 e6 8. O-O exd5 9. cxd5 a6 10. a4 Bg4 11. Nd2 Bxe2 12. Qxe2 Nbd7 13. f4 Re8 14. Re1 Nh5 15. Nf3 Rc8 16. a5 Qf6 17. g3 Qe7 18. Bd2 Qf8 19. Qf1 Re7 20. Qg2 Nhf6 21. h3 h6 22. Re2 c4 23. e5 Nh7 24. Rae1 Nc5 25. exd6 Ree8 26. Ne5 Red8 27. Rf1 Nd7 28. Re4 Qxd6 29. Nxc4 Qb4 30. Nd1 Qb3 31. Nce3 Nc5 32. Rb4 Qd3 33. Nc3 Re8 34. Rf3 Bd4 35. Nd1 Nb3 36. Rxb3 Qxb3 37. Kh2 Nf6 38. Bc3 Bxe3 39. Nxe3 Nxd5 40. Nxd5 Qxd5 41. Rf2 Qxg2+ 42. Kxg2 Rcd8 43. Rc2 Re6 44. Kf2 Rd7 45. h4 h5 46. Be5 Rc6 47. Re2 f6 48. Bc3 Kf7 49. Re3 Re6 50. Rf3 Rd5 51. Be1 Rd1 52. Bb4 Re4 53. Rb3 Rd5 54. Bc3 Rb5 55. Ra3 Ke6 56. Ra1 Rd5 57. Ra3 Kf5 58. Rb3 Rb5 59. Ra3 Re6 60. Ra4 Re4 61. Ra3 Rc5 62. Rb3 Rc7 63. Rb6 Re6 64. Rb3 Rce7 65. Bb4 Re8 66. Bc5 Kg4 67. Bb4 Re2+ 68. Kf1 R2e3 69. Bc3 Rf3+ 70. Kg2 Re2+ 

0-1

[Event "Wch U12"]
[Site "?"]
[Date "1999.10.31"]
[Round "?"]
[White "Wang, Yue"]
[Black "Bellaiche, Anthony"]
[WhiteElo "2344"]
[BlackElo "2099"]
[Result "1-0"]

1. d4 Nf6 2. Nf3 g6 3. c4 Bg7 4. Nc3 d6 5. Bg5 O-O 6. e3 Nbd7 7. Be2 c6 8. O-O h6 9. Bh4 g5 10. Bg3 Nh5 11. Nd2 Nxg3 12. hxg3 c5 13. Nb3 b6 14. Bd3 Bb7 15. Bc2 Rc8 16. d5 Bxc3 17. bxc3 Nf6 18. f4 Kg7 19. fxg5 hxg5 20. Rf5 Rh8 21. Rxg5+ Kf8 22. Qf3 b5 23. Rf1 Rh6 24. Rf5 Kg7 25. g4 Qh8 26. g5 Rh1+ 27. Kf2 Qh4+ 28. Ke2 Nd7 29. Rxh1 Qxh1 30. Rxf7+ Kg8 31. Rh7 

1-0